00345nam a22001097a 4500082000800000100001800008245008500026260003600111300001900147650004400166700002500210 a004 aSabir, Bushra aAutomatic Scene Analysis using Structural and Motion Information /cBushra Sabir aIslamabad :bMCS - NUST,c2013. a86 p. ;c30cm. aComputer Software Engineering-MS-Thesis aDr. Naveed Iqbal Rao